000 00672nam a2200217 i 4500
001 100066
003 ES-MaACL
005 20230906182612.0
007 t|
008 050921s1973 sp ||||1| spa d
100 0 _aMartínez Torres, Augusto.
_978449
245 1 0 _aNuevo cine latinoamericano /
_cAngusto Martínez Torres, Manuel Pérez Estremera.
260 _aBarcelona :
_bAnagrama,
_c1973.
300 _a226 p. ;
_c20 cm.
490 1 _aCinemateca Anagrama ;
_v3
650 0 0 _aCine-
_zAmérica Latina.
_911013
700 1 _aPérez Estremera, Manuel.
_990855
830 1 _aCinemateca Anagrama ;
_v3
_9184158
852 _aES-MaACL
_jC-54066
999 _c100066
_d100066